000
00209nam a2200097Ia 4500
008
190216s9999||||xx |||||||||||||| ||und||
100
_a
Null
245
0
_a
Hindi-Shilomet
260
_b
Sahithyasadan
942
_c
BK
999
_c
18365
_d
18365